ბათუმის შოთა რუსთაველის სახელმწიფო უნივერსიტეტის ბიბლიოთეკა

The restaurant manager's handbook : (ბიბ.ჩანაწერი № 41118)

000 -LEADER
fixed length control field 00971nam a2200229Ia 4500
001 - CONTROL NUMBER
control field 7768
003 - CONTROL NUMBER IDENTIFIER
control field GE_BSU
005 - DATE AND TIME OF LATEST TRANSACTION
control field 20221116112000.0
008 - FIXED-LENGTH DATA ELEMENTS--GENERAL INFORMATION
fixed length control field 181216s2007en xx |||||||||||||| ||eng||
020 ## - INTERNATIONAL STANDARD BOOK NUMBER
International Standard Book Number 9780910627979 x
040 ## - CATALOGING SOURCE
Transcribing agency GE_BSU
041 ## - LANGUAGE CODE
Language code of text/sound track or separate title eng
080 ## - UNIVERSAL DECIMAL CLASSIFICATION NUMBER
Universal Decimal Classification number 005.5+647.95 B-89
100 ## - MAIN ENTRY--PERSONAL NAME
Personal name Brown,Douglas Robert
9 (RLIN) 14775
245 #4 - TITLE STATEMENT
Title The restaurant manager's handbook :
Remainder of title How to Set Up, Operate, and Manage A Financially Successfull food service operation /
Statement of responsibility, etc. Douglas Robert Brown.
264 ## - PRODUCTION, PUBLICATION, DISTRIBUTION, MANUFACTURE, AND COPYRIGHT NOTICE
Place of production, publication, distribution, manufacture Atlantic Publ,
Date of production, publication, distribution, manufacture, or copyright notice 2007.
300 ## - PHYSICAL DESCRIPTION
Extent 908 p.:
Other physical details Ill.
Dimensions 29 cm.
653 ## - INDEX TERM--UNCONTROLLED
keyword How to Set Up, Operate, and Manage A Financially Successfull food service operation
653 ## - INDEX TERM--UNCONTROLLED
keyword The restaurant manager's handbook
653 ## - INDEX TERM--UNCONTROLLED
keyword როგორ დავაყენოთ, ვიმოქმედოთ და ვმართოთ ფინანსურად წარმატებული კვების სერვისი
942 ## - ADDED ENTRY ELEMENTS (KOHA)
Koha item type წიგნი
Source of classification or shelving scheme
ეგზემპლარები
Withdrawn status Lost status Source of classification or shelving scheme Damaged status Not for loan Permanent Location Current Location Shelving location Date acquired Cost, normal purchase price Full call number Barcode Date last seen Copy number Price effective from Koha item type Public note
          ბათუმის შოთა რუსთაველის სახელმწიფო უნივერსიტეტის მთავარი ბიბლიოთეკა ბათუმის შოთა რუსთაველის სახელმწიფო უნივერსიტეტის მთავარი ბიბლიოთეკა წიგნსაცავი 2018-12-17 103.00 005.5+647.95 B-89 24155 2018-12-17 24155 2018-12-17 წიგნი 103gel.